The culture consumers: (Record no. 17817)

000 -LEADER
fixed length control field 00845cam a22002651 4500
008 - FIXED-LENGTH DATA ELEMENTS--GENERAL INFORMATION
fixed length control field 711124s1964 nyu b 000 0 eng
050 00 - LIBRARY OF CONGRESS CALL NUMBER
Classification number N6512
Item number .T6 1964
100 1# - MAIN ENTRY--PERSONAL NAME
Personal name Toffler, Alvin.
245 14 - TITLE STATEMENT
Title The culture consumers:
Remainder of title a study of art and affluence in America/
260 ## - PUBLICATION, DISTRIBUTION, ETC. (IMPRINT)
Place of publication, distribution, etc. New York:
Name of publisher, distributor, etc. St. Martin's Press,
Date of publication, distribution, etc. [1964]
300 ## - PHYSICAL DESCRIPTION
Extent 263 p. :
Dimensions 22 cm.
504 ## - BIBLIOGRAPHY, ETC. NOTE
Bibliography, etc Bibliography: p. [243]-247.
650 #0 - SUBJECT ADDED ENTRY--TOPICAL TERM
Topical term or geographic name as entry element Arts, American.
650 #0 - SUBJECT ADDED ENTRY--TOPICAL TERM
Topical term or geographic name as entry element Arts and society
Geographic subdivision United States.
942 ## - ADDED ENTRY ELEMENTS (KOHA)
Source of classification or shelving scheme
Koha item type Hard Covered Materials
Classification part N6512 .T6 1964
Holdings
Withdrawn status Lost status Source of classification or shelving scheme Damaged status Not for loan Home library Current library Shelving location Date acquired Source of acquisition Total Checkouts Full call number Barcode Date last seen Price effective from Koha item type
          MACHAKOS UNIVERSITY LIBRARY MACHAKOS UNIVERSITY LIBRARY Open shelf 29/11/2016 Donation(BFA)   N6512 .T6 1964 28207 30/05/2019 29/11/2016 Hard Covered Materials
© Machakos University Library, Along The Highway, Machakos Wote Rd, Machakos, Kenya P.O. Box 136 - 90100 Machakos - Kenya

Tel: ( +254 ) 723 805829 OR Fax : 044-20353 OR Email: library@mksu.ac.ke